Trả lời dễ hiểu về điện tử & khoa học /
- Ăngten là gì
Đã lưu trong:
| 主要作者: | |
|---|---|
| 格式: | 圖書 |
| 語言: | Vietnamese |
| 出版: |
Bến tre :
Thanh niên ,
2007
|
| 版: | In lần thứ 1 |
| 主題: | |
| 標簽: |
添加標簽
沒有標簽, 成為第一個標記此記錄!
|
| Thư viện lưu trữ: | Thư viện Trường CĐ Kỹ Thuật Cao Thắng |
|---|
| LEADER | 02700nam a2200613 a 4500 | ||
|---|---|---|---|
| 001 | TVCDKTCT10367 | ||
| 003 | Thư viện trường Cao đẳng Kỹ thuật Cao Thắng | ||
| 005 | 20170602133503.5 | ||
| 008 | 081111 | ||
| 980 | \ | \ | |a Thư viện Trường CĐ Kỹ Thuật Cao Thắng |
| 024 | |a RG_1 #1 eb0 i1 | ||
| 041 | 0 | # | |a vie |
| 082 | # | # | |a 621.381 / |b TR100L-đ |
| 100 | 1 | # | |a Đặng Hồng Quang |
| 245 | 0 | 0 | |a Trả lời dễ hiểu về điện tử & khoa học / |c Đặng Hồng Quang |
| 250 | # | # | |a In lần thứ 1 |
| 260 | # | # | |a Bến tre : |b Thanh niên , |c 2007 |
| 300 | # | # | |a 112tr. ; |c 19 cm |
| 520 | # | # | |a - Ăngten là gì |
| 520 | # | # | |a - Aten xương cá |
| 520 | # | # | |a - Cách lựa chọn điện kế nhạy |
| 520 | # | # | |a - Điện halogen |
| 520 | # | # | |a - Dùng xe đỡ tốn xăng |
| 520 | # | # | |a - Lấy cắp điện |
| 520 | # | # | |a - Loa sắt |
| 520 | # | # | |a - Máy cắt điện tự động cứu người |
| 520 | # | # | |a - Máy điều hòa nhiệt độ |
| 520 | # | # | |a - Máy hút ẩm |
| 520 | # | # | |a - Một số vấn đề máy xài nhiều nguồn điện ở vùng điện ở vùng nông thôn |
| 520 | # | # | |a - Transitor là gì |
| 520 | # | # | |a -Anten Parabol |
| 520 | # | # | |a -Anten tivi và đĩa truyền hình |
| 520 | # | # | |a -Bếp điện từ |
| 520 | # | # | |a -Bị điện giật |
| 520 | # | # | |a -Điện 1 pha là gì, điện 3 pha là gì? |
| 520 | # | # | |a -Động cơ phản lực vận hành ra sao? |
| 520 | # | # | |a -Đồng hồ kim là vệt sáng |
| 520 | # | # | |a -Dùng biến áp hay sửa chữa dụng cụ điện? |
| 520 | # | # | |a -Dụng cụ đo điện cần phải nhạy |
| 520 | # | # | |a -Giải thích ký hiệu mạch điện |
| 520 | # | # | |a -Lắp ráp còi điện tử |
| 520 | # | # | |a -Lịch sử hấp dẫn của kỹ nghệ làm lạnh |
| 520 | # | # | |a -Loại bình nước nóng nào đỡ tốn điện? |
| 520 | # | # | |a -Máy photocopy làm việc như thế nào? |
| 520 | # | # | |a Nội dung cuốn sách gồm những vấn đề sau : |
| 520 | # | # | |a -Quạt hút gió |
| 520 | # | # | |a -Sản xuất nam châm nhân tạo |
| 520 | # | # | |a -Sức hấp dẫn của làn sóng kỳ diệu |
| 520 | # | # | |a -Thu chương trình của vệ tinh nào |
| 520 | # | # | |a -Tín hiệu digital |
| 650 | # | 4 | |a Điện tử - Kỹ thuật |
| 650 | # | 4 | |a Điện tử & khoa học--trả lời |
| 721 | # | # | |a CNKT Điện tử |
| 841 | # | # | |b Kho Sách |j 100027344, 100027378 |